000 00698nam a22002057a 4500
005 20140903124439.0
008 011025s2001 ck a r 00010dspa d
020 _a9589702309
041 0 _aspa
044 _ack
082 0 4 _a581
_bR69p
100 1 _aRoca-Candanoza, Rafael,
_d1945-
_926387
245 1 0 _aFlores y frutos de plantas comunes de Santa Marta :
_btomo I /
_cRafael Roca Candanoza.
260 _aSanta Marta
_bFondo Editorial Universidad del Magdalena,
_c2001.
300 _a232 p. :
_bil. ;
_c24 cm.
504 _aIncluye bibliografÍa.
650 6 _aTaxonomÍa vegetal
_z Santa Marta (Colombia)
_926388
650 _aBotÁnica
_zSanta Marta (Colombia)
_926389
942 _2ddc
_cLIBRO
999 _c8665
_d8665